Online
Catalog

Tradiciones líricas de Quisqueya y Borinquen unidas por el romanticismo del pasado : (Record no. 33782)

MARC details
000 -CABECERA
campo de control de longitud fija 00545nam a2200145 a 4500
001 - NÚMERO DE CONTROL
campo de control 000034291
005 - FECHA Y HORA DE LA ÚLTIMA TRANSACCIÓN
campo de control 20200930073624.0
008 - DATOS DE LONGITUD FIJA--INFORMACIÓN GENERAL
campo de control de longitud fija 110930s1948 dr r 000 0 spa d
040 ## - FUENTE DE LA CATALOGACIÓN
Centro catalogador/agencia de origen DO-SdBNP
Lengua de catalogación spa
Centro/agencia transcriptor BNPHU
082 ## - NÚMERO DE LA CLASIFICACIÓN DECIMAL DEWEY
Número de clasificación xxxx
Número de documento/Ítem T763
245 00 - MENCIÓN DE TÍTULO
Título Tradiciones líricas de Quisqueya y Borinquen unidas por el romanticismo del pasado :
Resto del título canciones antigua /
Mención de responsabilidad, etc. recopilación de José A. Saldaña Suazo.
260 ## - PUBLICACIÓN, DISTRIBUCIÓN, ETC.
Lugar de publicación, distribución, etc. Ciudad Trujillo, República Dominicana :
Nombre del editor, distribuidor, etc. [s. n.],
Fecha de publicación, distribución, etc. 1948.
300 ## - DESCRIPCIÓN FÍSICA
Extensión [30 p.] ;
Dimensiones 22 cm.
700 1# - PUNTO DE ACCESO ADICIONAL--NOMBRE DE PERSONA
Nombre de persona Saldaña Suazo, José A.
9 (RLIN) 26628
Holdings
Estado de retiro Estado de pérdida Restricciones de uso No para préstamo Código de colección Localización permanente Ubicación/localización actual Ubicación en estantería Fecha de adquisición Número de inventario Total de préstamos Signatura topográfica completa Código de barras Fecha visto por última vez Precio válido a partir de Tipo de ítem Koha
      Excluido de préstamo Raros y valiosos Patrimonio Dominicano Patrimonio Dominicano Depósito 30.09.2011 LF1   xxxx T763 34291-10 25.06.2020 25.06.2020 No se presta

Powered by Koha